[Event "Murta"]
[Site "Xativa"]
[Date "2017.07.21"]
[Round "6.2"]
[White "Plaskett, H James"]
[Black "Nieves Cabanes, Jose Manuel"]
[Result "1-0"]
[WhiteElo "2463"]
[BlackElo "2277"]
[PlyCount "67"]
[EventDate "2017.??.??"]

1. c4 e5 2. e3 Nf6 {[%clk 1:28:51]} 3. Nc3 {[%clk 1:31:24]} 3... g6 {
[%clk 1:27:11]} 4. Nf3 {[%clk 1:29:45]} 4... d6 {[%clk 1:26:51]} 5. d4 {
[%clk 1:30:12]} 5... Nbd7 {[%clk 1:27:01]} 6. Be2 {[%clk 1:30:39]} 6... Bg7 {
[%clk 1:27:23]} 7. O-O {[%clk 1:31:03]} 7... O-O {[%clk 1:27:21]} 8. b4 {
[%clk 1:31:29]} 8... Re8 {[%clk 1:25:31]} 9. a4 {[%clk 1:31:33]} 9... e4 {
[%clk 1:24:13]} 10. Nd2 {[%clk 1:31:10]} 10... Nf8 {[%clk 1:22:26]} 11. b5 {
[%clk 1:30:39]} 11... h5 {[%clk 1:20:13]} 12. a5 {[%clk 1:30:37]} 12... a6 {
[%clk 1:17:51]} 13. bxa6 {[%clk 1:29:11]} 13... bxa6 {[%clk 1:17:37]} 14. Rb1 {
[%clk 1:27:30]} 14... Bf5 {[%clk 1:15:47]} 15. Rb7 {[%clk 1:15:12]} 15... Ne6 {
[%clk 1:07:14]} 16. Nd5 {[%clk 1:08:41]} 16... Ng4 {[%clk 1:03:46]} 17. Qe1 {
[%clk 1:05:40]} 17... c5 {[%clk 0:53:43]} 18. dxc5 {[%clk 0:59:06]} 18... Nxc5
{[%clk 0:53:08]} 19. Rb6 {[%clk 0:59:24]} 19... Ne5 {[%clk 0:48:16]} 20. Ba3 {
[%clk 0:59:32]} 20... Ned3 {[%clk 0:44:07]} 21. Bxd3 {[%clk 0:52:46]} 21...
Nxd3 {[%clk 0:42:27]} 22. Qe2 {[%clk 0:53:15]} 22... Be5 {[%clk 0:38:15]} 23.
f3 {[%clk 0:46:29]} 23... Qh4 {[%clk 0:28:09]} 24. f4 {[%clk 0:28:48]} 24...
Bg4 {[%clk 0:27:31]} 25. g3 {[%clk 0:29:12]} 25... Qd8 {[%clk 0:21:29]} 26. Qg2
{[%clk 0:29:11]} 26... Bg7 {[%clk 0:21:43]} 27. Nxe4 {[%clk 0:27:52]} 27... Bh3
{[%clk 0:19:40]} 28. Qxh3 {[%clk 0:26:15]} 28... Rxe4 {[%clk 0:20:04]} 29. f5 {
[%clk 0:26:35]} 29... Nc5 {[%clk 0:16:38]} 30. Bxc5 {[%clk 0:26:10]} 30... dxc5
{[%clk 0:16:49]} 31. fxg6 {[%clk 0:26:35]} 31... fxg6 {[%clk 0:16:10]} 32. Rxg6
{[%clk 0:26:56]} 32... Re5 {[%clk 0:15:34]} 33. Nf6+ {[%clk 0:27:06]} 33... Kh8
{[%clk 0:15:50]} 34. Nxh5 {[%clk 0:27:23]} 1-0

[Event "Murta"]
[Site "Xativa"]
[Date "2017.07.21"]
[Round "6.3"]
[White "Granero Roca, Antonio"]
[Black "Ibanez Aullana, Ramon"]
[Result "1-0"]
[WhiteElo "2387"]
[BlackElo "2274"]
[PlyCount "91"]
[EventDate "2017.??.??"]

1. d4 {[%clk 1:30:51]} 1... d6 {[%clk 1:25:33]} 2. Nf3 {[%clk 1:30:07]} 2...
Nf6 {[%clk 1:25:24]} 3. c4 {[%clk 1:30:10]} 3... g6 {[%clk 1:25:20]} 4. Nc3 {
[%clk 1:29:26]} 4... Bf5 {[%clk 1:24:26]} 5. d5 {[%clk 1:26:05]} 5... Bg7 {
[%clk 1:20:00]} 6. Nd4 {[%clk 1:25:34]} 6... Bd7 {[%clk 1:20:09]} 7. e4 {
[%clk 1:25:01]} 7... e5 {[%clk 1:19:06]} 8. Nc2 {[%clk 1:23:54]} 8... O-O {
[%clk 1:18:05]} 9. Be2 {[%clk 1:23:58]} 9... a5 {[%clk 1:15:47]} 10. Bg5 {
[%clk 1:22:35]} 10... h6 {[%clk 1:08:40]} 11. Be3 {[%clk 1:22:34]} 11... Na6 {
[%clk 1:08:46]} 12. Qd2 {[%clk 1:20:59]} 12... h5 {[%clk 1:02:18]} 13. f3 {
[%clk 1:19:12]} 13... Nh7 {[%clk 0:57:25]} 14. O-O-O {[%clk 1:16:31]} 14... f5
{[%clk 0:52:11]} 15. exf5 {[%clk 1:12:46]} 15... gxf5 {[%clk 0:52:06]} 16. Kb1
{[%clk 1:10:01]} 16... Qe8 {[%clk 0:46:00]} 17. g3 {[%clk 1:08:05]} 17... Nc5 {
[%clk 0:31:55]} 18. Rhg1 {[%clk 1:04:59]} 18... Na4 {[%clk 0:31:26]} 19. Nxa4 {
[%clk 0:55:57]} 19... Bxa4 {[%clk 0:31:51]} 20. b3 {[%clk 0:56:12]} 20... Bd7 {
[%clk 0:32:11]} 21. Bh6 {[%clk 0:56:05]} 21... Bh8 {[%clk 0:26:39]} 22. c5 {
[%clk 0:52:38]} 22... Rf6 {[%clk 0:19:59]} 23. Be3 {[%clk 0:52:42]} 23... a4 {
[%clk 0:19:12]} 24. b4 {[%clk 0:52:48]} 24... a3 {[%clk 0:19:29]} 25. f4 {
[%clk 0:51:10]} 25... Bb5 {[%clk 0:16:17]} 26. Bxb5 {[%clk 0:49:55]} 26... Qxb5
{[%clk 0:16:45]} 27. fxe5 {[%clk 0:50:18]} 27... dxe5 {[%clk 0:15:22]} 28. Qd3
{[%clk 0:50:28]} 28... Qd7 {[%clk 0:14:13]} 29. Qb3 {[%clk 0:50:01]} 29... Bg7
{[%clk 0:13:25]} 30. Bc1 {[%clk 0:49:07]} 30... Kh8 {[%clk 0:13:10]} 31. Rgf1 {
[%clk 0:48:50]} 31... f4 {[%clk 0:03:41]} 32. gxf4 {[%clk 0:45:30]} 32... exf4
{[%clk 0:04:11]} 33. Qf3 {[%clk 0:45:16]} 33... Qf5 {[%clk 0:03:31]} 34. Qxf4 {
[%clk 0:42:16]} 34... Qh3 {[%clk 0:02:41]} 35. Qc4 {[%clk 0:42:34]} 35... Rxf1
{[%clk 0:01:55]} 36. Qxf1 {[%clk 0:42:19]} 36... Qxh2 {[%clk 0:02:21]} 37. Qh1
{[%clk 0:41:29]} 37... Qe5 {[%clk 0:01:38]} 38. d6 {[%clk 0:41:38]} 38... Ra4 {
[%clk 0:01:03]} 39. Qxb7 {[%clk 0:40:41]} 39... cxd6 {[%clk 0:00:55]} 40. c6 {
[%clk 0:39:00]} 40... Qe8 {[%clk 0:00:39]} 41. c7 {[%clk 0:39:09]} 41... Ra8 {
[%clk 0:00:34]} 42. Rxd6 {[%clk 0:39:17]} 42... Bf6 {[%clk 0:00:49]} 43. Qc6 {
[%clk 0:39:28]} 43... Qf8 {[%clk 0:00:59]} 44. b5 {[%clk 0:38:59]} 44... Be7 {
[%clk 0:00:36]} 45. Rd3 {[%clk 0:39:06]} 45... Rc8 {[%clk 0:00:32]} 46. b6 {
[%clk 0:39:23]} 1-0

[Event "Murta"]
[Site "Xativa"]
[Date "2017.07.21"]
[Round "6.4"]
[White "Bas Mas, Miguel"]
[Black "Fenollar Jorda, Manuel"]
[Result "0-1"]
[WhiteElo "2244"]
[BlackElo "2335"]
[PlyCount "72"]
[EventDate "2017.??.??"]

1. e4 {[%clk 1:27:42]} 1... e5 {[%clk 1:30:44]} 2. Nf3 {[%clk 1:27:29]} 2...
Nc6 {[%clk 1:31:08]} 3. Bb5 {[%clk 1:27:54]} 3... a6 {[%clk 1:31:34]} 4. Ba4 {
[%clk 1:28:21]} 4... Nf6 {[%clk 1:31:57]} 5. d3 {[%clk 1:28:36]} 5... b5 {
[%clk 1:32:20]} 6. Bb3 {[%clk 1:29:05]} 6... Bc5 {[%clk 1:32:44]} 7. O-O {
[%clk 1:29:28]} 7... d6 {[%clk 1:33:10]} 8. a4 {[%clk 1:28:57]} 8... Rb8 {
[%clk 1:33:14]} 9. axb5 {[%clk 1:29:04]} 9... axb5 {[%clk 1:33:41]} 10. h3 {
[%clk 1:26:43]} 10... O-O {[%clk 1:19:45]} 11. Nc3 {[%clk 1:25:12]} 11... h6 {
[%clk 1:18:00]} 12. Be3 {[%clk 1:22:09]} 12... Bb6 {[%clk 1:12:54]} 13. Bxb6 {
[%clk 1:16:10]} 13... Rxb6 {[%clk 1:13:17]} 14. Ra8 {[%clk 1:13:59]} 14... Qe7
{[%clk 1:05:09]} 15. d4 {[%clk 0:50:19]} 15... Bb7 {[%clk 0:59:47]} 16. Rxf8+ {
[%clk 0:49:40]} 16... Kxf8 {[%clk 0:59:01]} 17. Nd5 {[%clk 0:48:16]} 17... Nxd5
{[%clk 0:59:18]} 18. exd5 {[%clk 0:47:17]} 18... Na5 {[%clk 0:48:49]} 19. Ba2 {
[%clk 0:44:28]} 19... e4 {[%clk 0:48:19]} 20. Re1 {[%clk 0:43:13]} 20... f5 {
[%clk 0:48:31]} 21. Nd2 {[%clk 0:41:19]} 21... Qf7 {[%clk 0:48:20]} 22. Qa1 {
[%clk 0:33:46]} 22... Ra6 {[%clk 0:46:51]} 23. f3 {[%clk 0:34:14]} 23... exf3 {
[%clk 0:46:06]} 24. Nxf3 {[%clk 0:33:48]} 24... b4 {[%clk 0:44:44]} 25. Qd1 {
[%clk 0:31:38]} 25... b3 {[%clk 0:45:04]} 26. cxb3 {[%clk 0:31:47]} 26... Bxd5
{[%clk 0:45:25]} 27. Qd3 {[%clk 0:31:25]} 27... Ra8 {[%clk 0:44:52]} 28. b4 {
[%clk 0:27:17]} 28... Bxa2 {[%clk 0:43:33]} 29. bxa5 {[%clk 0:27:09]} 29...
Rxa5 {[%clk 0:43:46]} 30. b4 {[%clk 0:27:37]} 30... Bc4 {[%clk 0:43:00]} 31.
Qb1 {[%clk 0:26:13]} 31... Ra2 {[%clk 0:42:31]} 32. Nh4 {[%clk 0:25:18]} 32...
Bd5 {[%clk 0:26:31]} 33. g3 {[%clk 0:10:13]} 33... g5 {[%clk 0:17:17]} 34. Nxf5
{[%clk 0:07:51]} 34... Rg2+ {[%clk 0:17:37]} 35. Kf1 {[%clk 0:08:20]} 35...
Rxg3 {[%clk 0:17:52]} 36. Re2 {[%clk 0:08:29]} 36... Rf3+ {[%clk 0:18:04]} 0-1

[Event "Murta"]
[Site "Xativa"]
[Date "2017.07.21"]
[Round "6.5"]
[White "Sanchez Saez, Francisco"]
[Black "Silva Rodriguez, Fernando"]
[Result "0-1"]
[WhiteElo "2266"]
[BlackElo "2216"]
[PlyCount "136"]
[EventDate "2017.??.??"]

1. c4 {[%clk 1:24:20]} 1... e6 {[%clk 1:29:15]} 2. g3 {[%clk 1:24:41]} 2... d5
{[%clk 1:29:34]} 3. Bg2 {[%clk 1:25:04]} 3... Nf6 {[%clk 1:28:26]} 4. Nf3 {
[%clk 1:23:39]} 4... c5 {[%clk 1:28:31]} 5. O-O {[%clk 1:23:54]} 5... Nc6 {
[%clk 1:28:51]} 6. cxd5 {[%clk 1:24:18]} 6... exd5 {[%clk 1:29:11]} 7. d4 {
[%clk 1:24:43]} 7... Be7 {[%clk 1:29:15]} 8. Nc3 {[%clk 1:25:06]} 8... O-O {
[%clk 1:26:29]} 9. Bg5 {[%clk 1:25:09]} 9... Be6 {[%clk 1:24:34]} 10. dxc5 {
[%clk 1:25:09]} 10... Bxc5 {[%clk 1:24:40]} 11. Bxf6 {[%clk 1:25:33]} 11...
Qxf6 {[%clk 1:24:58]} 12. Nxd5 {[%clk 1:25:59]} 12... Qxb2 {[%clk 1:23:58]} 13.
Nc7 {[%clk 1:26:23]} 13... Rad8 {[%clk 1:23:44]} 14. Qc1 {[%clk 1:26:47]} 14...
Qxc1 {[%clk 1:10:46]} 15. Rfxc1 {[%clk 1:18:23]} 15... Be7 {[%clk 1:08:54]} 16.
Nxe6 {[%clk 1:18:37]} 16... fxe6 {[%clk 1:09:20]} 17. Rab1 {[%clk 1:17:05]}
17... Rd7 {[%clk 0:51:51]} 18. Bh3 {[%clk 1:16:28]} 18... Nd8 {[%clk 0:48:29]}
19. Rd1 {[%clk 1:12:38]} 19... Rc7 {[%clk 0:38:12]} 20. Rbc1 {[%clk 1:12:31]}
20... Rxc1 {[%clk 0:36:07]} 21. Rxc1 {[%clk 1:12:55]} 21... Bf6 {[%clk 0:35:30]
} 22. Rc7 {[%clk 1:11:21]} 22... h6 {[%clk 0:27:47]} 23. Nd2 {[%clk 1:06:25]}
23... Rf7 {[%clk 0:26:06]} 24. Rc8 {[%clk 1:06:41]} 24... Kh7 {[%clk 0:26:11]}
25. Bg2 {[%clk 1:04:31]} 25... Rd7 {[%clk 0:26:12]} 26. Be4+ {[%clk 1:04:53]}
26... Kg8 {[%clk 0:26:03]} 27. Bd3 {[%clk 1:04:39]} 27... Kf7 {[%clk 0:26:14]}
28. Ne4 {[%clk 1:03:21]} 28... Be7 {[%clk 0:24:07]} 29. Kg2 {[%clk 1:02:22]}
29... Nc6 30. Bb5 {[%clk 1:01:39]} 30... Rd4 {[%clk 0:23:14]} 31. f3 {
[%clk 0:54:47]} 31... Nd8 {[%clk 0:20:54]} 32. Rc7 {[%clk 0:52:03]} 32... Kf8 {
[%clk 0:20:39]} 33. h4 {[%clk 0:51:18]} 33... Rb4 {[%clk 0:20:13]} 34. Bc4 {
[%clk 0:49:32]} 34... Rb2 {[%clk 0:17:18]} 35. a4 {[%clk 0:43:33]} 35... Rb4 {
[%clk 0:17:34]} 36. a5 {[%clk 0:39:25]} 36... a6 {[%clk 0:17:58]} 37. Nf2 {
[%clk 0:25:40]} 37... Ra4 38. Nd3 {[%clk 0:25:14]} 38... Rxa5 {[%clk 0:15:24]}
39. Nf4 {[%clk 0:25:00]} 39... Rc5 {[%clk 0:12:46]} 40. Rxc5 {[%clk 0:11:41]}
40... Bxc5 {[%clk 0:13:10]} 41. Nxe6+ {[%clk 0:12:06]} 41... Nxe6 {
[%clk 0:13:30]} 42. Bxe6 {[%clk 0:12:31]} 42... a5 {[%clk 0:11:05]} 43. Kf1 {
[%clk 0:10:47]} 43... Ke7 {[%clk 0:11:18]} 44. Bg8 {[%clk 0:10:52]} 44... b5 {
[%clk 0:10:04]} 45. Ke1 {[%clk 0:11:15]} 45... Be3 {[%clk 0:10:19]} 46. g4 {
[%clk 0:11:30]} 46... Kd6 {[%clk 0:10:27]} 47. Kd1 {[%clk 0:11:54]} 47... Kc5 {
[%clk 0:09:48]} 48. Kc2 {[%clk 0:12:16]} 48... Kd4 {[%clk 0:09:51]} 49. Bf7 {
[%clk 0:11:00]} 49... Bf2 {[%clk 0:08:12]} 50. Be8 {[%clk 0:09:46]} 50... Kc4 {
[%clk 0:08:05]} 51. g5 {[%clk 0:05:16]} 51... Bxh4 {[%clk 0:05:09]} 52. gxh6 {
[%clk 0:05:41]} 52... gxh6 {[%clk 0:05:34]} 53. f4 {[%clk 0:06:04]} 53... Bf2 {
[%clk 0:03:25]} 54. e4 {[%clk 0:06:05]} 54... Bg3 {[%clk 0:03:20]} 55. f5 {
[%clk 0:05:41]} 55... Be5 {[%clk 0:03:44]} 56. Bf7+ {[%clk 0:05:53]} 56... Kb4
{[%clk 0:02:10]} 57. Be8 {[%clk 0:02:11]} 57... a4 {[%clk 0:01:57]} 58. Kd3 {
[%clk 0:02:16]} 58... Bf6 {[%clk 0:01:30]} 59. Bf7 {[%clk 0:01:49]} 59... Bg7 {
[%clk 0:01:29]} 60. Be8 {[%clk 0:00:50]} 60... Bh8 {[%clk 0:01:58]} 61. Bf7 {
[%clk 0:01:13]} 61... Ba1 {[%clk 0:02:19]} 62. Ke3 {[%clk 0:01:08]} 62... Be5 {
[%clk 0:02:38]} 63. Kd3 {[%clk 0:01:34]} 63... Bf6 {[%clk 0:02:50]} 64. Be8 {
[%clk 0:01:56]} 64... Bg7 {[%clk 0:02:20]} 65. Bf7 {[%clk 0:02:20]} 65... Ka3 {
[%clk 0:01:54]} 66. Bh5 {[%clk 0:00:40]} 66... Kb2 {[%clk 0:01:49]} 67. Bf7 {
[%clk 0:00:33]} 67... Be5 {[%clk 0:01:49]} 68. Be8 {[%clk 0:00:38]} 68... a3 {
[%clk 0:01:53]} 0-1

[Event "Murta"]
[Site "Xativa"]
[Date "2017.07.21"]
[Round "6.6"]
[White "Aledo Yanguas, Javier"]
[Black "Camarena Gimenez, Rufino"]
[Result "0-1"]
[WhiteElo "2022"]
[BlackElo "2383"]
[PlyCount "76"]
[EventDate "2017.??.??"]

1. e4 {[%clk 1:30:57]} 1... e6 {[%clk 1:27:44]} 2. d4 {[%clk 1:31:18]} 2... d5
{[%clk 1:27:49]} 3. Bd3 {[%clk 1:31:39]} 3... c5 {[%clk 1:26:59]} 4. c3 {
[%clk 1:26:47]} 4... Nc6 {[%clk 1:26:33]} 5. Be3 {[%clk 1:24:10]} 5... cxd4 {
[%clk 1:13:55]} 6. cxd4 {[%clk 1:22:48]} 6... Nb4 {[%clk 1:11:16]} 7. e5 {
[%clk 1:20:00]} 7... Nxd3+ {[%clk 1:11:17]} 8. Qxd3 {[%clk 1:20:21]} 8... Bd7 {
[%clk 1:10:18]} 9. Nc3 {[%clk 1:19:14]} 9... Qa5 {[%clk 1:06:16]} 10. Nge2 {
[%clk 1:17:51]} 10... b5 {[%clk 1:05:58]} 11. O-O {[%clk 1:16:51]} 11... b4 {
[%clk 1:06:19]} 12. Nb1 {[%clk 1:14:51]} 12... Ne7 {[%clk 1:06:05]} 13. Rc1 {
[%clk 1:07:10]} 13... Bb5 {[%clk 0:58:47]} 14. Qd2 {[%clk 0:56:51]} 14... Nf5 {
[%clk 0:57:31]} 15. a4 {[%clk 0:46:16]} 15... Be7 {[%clk 0:52:45]} 16. b3 {
[%clk 0:44:36]} 16... O-O {[%clk 0:51:25]} 17. Ra2 {[%clk 0:43:59]} 17... Ba6 {
[%clk 0:50:13]} 18. Rac2 {[%clk 0:42:40]} 18... Rac8 {[%clk 0:48:05]} 19. f4 {
[%clk 0:37:05]} 19... Qb6 {[%clk 0:44:54]} 20. Rxc8 {[%clk 0:35:06]} 20... Rxc8
{[%clk 0:43:22]} 21. Rxc8+ {[%clk 0:33:16]} 21... Bxc8 {[%clk 0:43:48]} 22. g4
{[%clk 0:32:44]} 22... Nxe3 {[%clk 0:41:55]} 23. Qxe3 {[%clk 0:33:10]} 23...
Ba6 {[%clk 0:40:45]} 24. Kf2 {[%clk 0:28:26]} 24... Bh4+ {[%clk 0:31:50]} 25.
Ng3 {[%clk 0:21:40]} 25... h6 {[%clk 0:30:02]} 26. Nd2 {[%clk 0:20:00]} 26...
Qc6 {[%clk 0:29:53]} 27. Nf3 {[%clk 0:20:02]} 27... Qc2+ 28. Kg1 {
[%clk 0:20:15]} 28... Bxg3 {[%clk 0:22:51]} 29. hxg3 {[%clk 0:13:33]} 29...
Qd1+ {[%clk 0:21:51]} 30. Ne1 {[%clk 0:13:38]} 30... Be2 31. Kf2 {
[%clk 0:12:39]} 31... Bxg4 {[%clk 0:22:08]} 32. Qd3 {[%clk 0:12:39]} 32... Qa1
{[%clk 0:20:06]} 33. Qd2 {[%clk 0:08:26]} 33... a5 {[%clk 0:19:17]} 34. Qd3 {
[%clk 0:04:06]} 34... Qb2+ {[%clk 0:18:19]} 35. Kf1 {[%clk 0:01:51]} 35... Qh2
{[%clk 0:14:06]} 36. Ng2 {[%clk 0:01:47]} 36... Bf5 {[%clk 0:13:08]} 37. Qe3 {
[%clk 0:00:45]} 37... Be4 {[%clk 0:12:41]} 38. Qf2 {[%clk 0:01:01]} 38... Qh1+
{[%clk 0:13:00]} 0-1

[Event "Murta"]
[Site "Xativa"]
[Date "2017.07.21"]
[Round "6.7"]
[White "Silva Rodriguez, Julio Jose"]
[Black "Insa Alfonso, Pablo"]
[Result "1-0"]
[WhiteElo "2334"]
[BlackElo "2228"]
[PlyCount "69"]
[EventDate "2017.??.??"]

1. e4 c5 2. Nf3 Nc6 3. d4 cxd4 4. Nxd4 e5 5. Nb5 d6 6. g3 Be7 7. Bg2 Nf6 8. Bg5
Bg4 9. Qd2 Rc8 10. c3 a6 11. N5a3 b5 12. Nc2 Qd7 13. h4 Na5 14. Nba3 O-O 15.
Ne3 Be6 16. O-O Nxe4 17. Bxe4 f6 18. Nd5 fxg5 19. Nb6 Qd8 20. Nxc8 Bxc8 21.
hxg5 Bxg5 22. Qd3 h5 23. b4 Nb7 24. Bd5+ Kh8 25. Qg6 Qf6 26. Qxf6 Rxf6 27. c4
bxc4 28. Nxc4 Nd8 29. a4 h4 30. b5 axb5 31. axb5 Bb7 32. Bxb7 Nxb7 33. Ra7 Rf7
34. Na5 hxg3 35. Rxb7 1-0

[Event "Murta"]
[Site "Xativa"]
[Date "2017.07.21"]
[Round "6.9"]
[White "Nicolas Zapata, Javier"]
[Black "Benlloch Guirau, Alvaro"]
[Result "1-0"]
[WhiteElo "2171"]
[BlackElo "1858"]
[PlyCount "27"]
[EventDate "2017.??.??"]

1. e4 b6 2. d4 Bb7 3. Bd3 e6 4. Qe2 a6 5. f4 d6 6. Nf3 Nd7 7. O-O Ne7 8. Nc3 c5
9. f5 e5 10. dxe5 dxe5 11. Bc4 h6 12. Rd1 Qc7 13. Bxf7+ Kxf7 14. Rxd7 1-0

[Event "Murta"]
[Site "Xativa"]
[Date "2017.07.21"]
[Round "6.10"]
[White "Martinez Escandell, Alfonso"]
[Black "Megias Chafer, Alejandro"]
[Result "0-1"]
[WhiteElo "1942"]
[BlackElo "2118"]
[PlyCount "110"]
[EventDate "2017.??.??"]

1. e4 c5 2. Nf3 d6 3. d4 cxd4 4. Nxd4 Nf6 5. Nc3 a6 6. a4 e6 7. Be2 Qc7 8. Be3
Nbd7 9. O-O b6 10. f3 Bb7 11. Nb3 Rc8 12. Bd3 Be7 13. Qe2 Ra8 14. Qf2 O-O 15.
Qg3 Rfc8 16. Rae1 Ne5 17. Qf2 Nfd7 18. h3 Bf6 19. Rc1 Rab8 20. f4 Nc4 21. Bxc4
Qxc4 22. f5 Bxc3 23. bxc3 e5 24. Nd2 Qxa4 25. c4 Nf6 26. Qg3 Kf8 27. Bg5 Rxc4
28. Bxf6 gxf6 29. Nxc4 Qxc4 30. Qd3 Qc5+ 31. Kh2 b5 32. Rf3 a5 33. Qd2 Bxe4 34.
Rg3 a4 35. Qh6+ Ke7 36. Qxh7 Qf2 37. Qh4 Qxf5 38. Kg1 Qf4 39. Qxf4 exf4 40. Rg4
d5 41. Rxf4 a3 42. c3 Rc8 43. Rff1 f5 44. Rfe1 Kd6 45. Kf2 Kc5 46. Re2 Kc4 47.
Ra1 Kb3 48. Rea2 Ra8 49. h4 d4 50. cxd4 b4 51. Rd2 Kc3 52. Re2 b3 53. Re3+ Kb4
54. h5 b2 55. Ree1 a2 0-1

[Event "Murta"]
[Site "Xativa"]
[Date "2017.07.21"]
[Round "6.14"]
[White "Pallas I Garrido, Ernest Josep"]
[Black "Reig Albero, Ferran"]
[Result "1/2-1/2"]
[WhiteElo "1782"]
[BlackElo "1957"]
[PlyCount "42"]
[EventDate "2017.??.??"]

1. Nf3 Nf6 2. g3 d5 3. Bg2 e6 4. b3 c5 5. Bb2 Be7 6. O-O Nc6 7. d3 O-O 8. Nbd2
b6 9. e4 Bb7 10. Qe2 Qc7 11. a3 Rfe8 12. h3 Rad8 13. e5 Nd7 14. Rae1 f6 15.
exf6 Bxf6 16. Bxf6 Nxf6 17. Ne5 Nd7 18. Ndf3 d4 19. Nxd7 Qxd7 20. Ne5 Nxe5 21.
Qxe5 Bxg2 1/2-1/2

[Event "Murta"]
[Site "Xativa"]
[Date "2017.07.21"]
[Round "6.22"]
[White "Pallas Moragues, Gerard"]
[Black "Albuixec Sanz, Jorge"]
[Result "0-1"]
[WhiteElo "1458"]
[BlackElo "1825"]
[PlyCount "36"]
[EventDate "2017.??.??"]

1. e4 e5 2. Nf3 Nc6 3. Bb5 a6 4. Ba4 Nf6 5. O-O b5 6. Bb3 Be7 7. d3 d5 8. exd5
Nxd5 9. Nbd2 O-O 10. Ne4 Bg4 11. h3 Bxf3 12. Qxf3 Nd4 13. Qg4 f5 14. Qh5 fxe4
15. dxe4 Nxb3 16. axb3 Nf4 17. Qxe5 Bd6 18. Qc3 Ne2+ 0-1

[Event "Murta"]
[Site "Xativa"]
[Date "2017.07.21"]
[Round "6.26"]
[White "Benavent Montell, Andreu"]
[Black "Martinez Lopez, Jose Luis"]
[Result "0-1"]
[WhiteElo "1408"]
[BlackElo "1733"]
[PlyCount "68"]
[EventDate "2017.??.??"]

1. e4 c5 2. Nf3 d6 3. Nc3 Nf6 4. d4 cxd4 5. Nxd4 a6 6. Bc4 e6 7. O-O Be7 8. Re1
Qc7 9. Bb3 O-O 10. Bf4 e5 11. Nf5 Bxf5 12. Bg5 Be6 13. Bxf6 Bxf6 14. Nd5 Bxd5
15. Qxd5 Nc6 16. Rad1 Rad8 17. Re2 Nd4 18. Red2 Nxb3 19. Qxb3 Be7 20. Rd3 b5
21. Rc3 Qb7 22. f3 Rc8 23. Rcd3 Rc4 24. Rc3 Rfc8 25. Rdd3 Qb6+ 26. Kf1 Qc6 27.
a3 Bd8 28. Qa2 Bb6 29. Rxc4 bxc4 30. Rd5 Ba7 31. Qb1 Qb6 32. Qe1 Qg1+ 33. Ke2
Qxg2+ 34. Kd1 Qxf3+ 0-1

[Event "Murta"]
[Site "Xativa"]
[Date "2017.07.21"]
[Round "6.29"]
[White "Cerda Collado, Jose"]
[Black "Gonzalez Mesas, Angel"]
[Result "1-0"]
[WhiteElo "1628"]
[BlackElo "1356"]
[PlyCount "103"]
[EventDate "2017.??.??"]

1. c4 c6 2. g3 d5 3. cxd5 cxd5 4. d4 Nc6 5. Bg2 e6 6. Nf3 Nf6 7. O-O Be7 8. Nc3
O-O 9. Ne5 Qb6 10. Nxc6 Qxc6 11. Bf4 Bd7 12. Rc1 Qb6 13. Qd2 Rac8 14. e4 dxe4
15. Nxe4 Rxc1 16. Rxc1 Rc8 17. Rxc8+ Bxc8 18. Qc3 Bd7 19. Nxf6+ Bxf6 20. Be5
Bxe5 21. dxe5 Bc6 22. Bxc6 Qxc6 23. Qxc6 bxc6 24. Kf1 Kf8 25. Ke2 Ke7 26. Kd3
Kd7 27. Kc4 Kc7 28. a4 a5 29. b4 Kb6 30. bxa5+ Kxa5 31. Kc5 Kxa4 32. Kxc6 Kb4
33. Kd6 Kc4 34. Ke7 Kd5 35. f4 f6 36. exf6 gxf6 37. Kxf6 h6 38. h4 h5 39. Kg6
Ke4 40. Kxh5 Kf3 41. Kh6 Kg4 42. Kg6 Kxg3 43. h5 Kxf4 44. h6 e5 45. h7 e4 46.
h8=Q e3 47. Qf8+ Ke4 48. Qe7+ Kf3 49. Qf6+ Ke2 50. Kg5 Ke1 51. Qc3+ Ke2 52. Kf4
1-0

[Event "Murta"]
[Site "Xativa"]
[Date "2017.07.22"]
[Round "7.1"]
[White "Fenollar Jorda, Manuel"]
[Black "Valmana Canto, Jaime"]
[Result "1/2-1/2"]
[WhiteElo "2335"]
[BlackElo "2356"]
[PlyCount "65"]
[EventDate "2017.??.??"]

1. d4 {[%clk 1:30:57]} 1... d6 {[%clk 1:29:51]} 2. Nf3 {[%clk 1:31:04]} 2...
Nf6 {[%clk 1:29:44]} 3. Bf4 {[%clk 1:24:05]} 3... Nbd7 {[%clk 1:29:20]} 4. h3 {
[%clk 1:24:05]} 4... g6 {[%clk 1:27:14]} 5. e3 {[%clk 1:24:17]} 5... Bg7 {
[%clk 1:27:37]} 6. Be2 {[%clk 1:24:34]} 6... O-O {[%clk 1:28:01]} 7. O-O {
[%clk 1:24:59]} 7... b6 {[%clk 1:27:09]} 8. c4 {[%clk 1:19:07]} 8... Bb7 {
[%clk 1:26:50]} 9. Nc3 {[%clk 1:19:07]} 9... Ne4 {[%clk 1:25:44]} 10. Nxe4 {
[%clk 1:12:53]} 10... Bxe4 {[%clk 1:26:04]} 11. Nd2 {[%clk 1:11:52]} 11... Bb7
{[%clk 1:26:24]} 12. Bf3 {[%clk 1:12:03]} 12... Bxf3 {[%clk 1:26:24]} 13. Nxf3
{[%clk 1:12:03]} 13... e5 {[%clk 1:26:48]} 14. Bh2 {[%clk 1:11:38]} 14... Qe7 {
[%clk 1:25:45]} 15. Qc2 {[%clk 1:08:31]} 15... Rfe8 {[%clk 1:23:17]} 16. Rfe1 {
[%clk 1:01:02]} 16... e4 {[%clk 1:19:23]} 17. Nd2 {[%clk 1:01:15]} 17... c5 {
[%clk 1:19:24]} 18. d5 {[%clk 0:55:09]} 18... f5 {[%clk 1:17:11]} 19. a4 {
[%clk 0:53:31]} 19... Rab8 {[%clk 1:11:33]} 20. Nb1 {[%clk 0:48:24]} 20... Be5
{[%clk 1:09:40]} 21. Nc3 {[%clk 0:48:28]} 21... Bxh2+ {[%clk 1:10:02]} 22. Kxh2
{[%clk 0:48:54]} 22... Ne5 {[%clk 1:10:24]} 23. Qe2 {[%clk 0:42:28]} 23... a6 {
[%clk 1:05:33]} 24. Rh1 {[%clk 0:29:17]} 24... h5 {[%clk 1:02:33]} 25. Raf1 {
[%clk 0:20:52]} 25... Kf7 {[%clk 0:55:44]} 26. b3 {[%clk 0:13:42]} 26... h4 {
[%clk 0:54:38]} 27. g3 {[%clk 0:12:31]} 27... Rh8 {[%clk 0:49:44]} 28. Kg2 {
[%clk 0:12:50]} 28... Rh5 {[%clk 0:50:04]} 29. Qd1 {[%clk 0:12:49]} 29... Rbh8
{[%clk 0:41:04]} 30. Ne2 {[%clk 0:11:44]} 30... g5 {[%clk 0:41:25]} 31. Qb1 {
[%clk 0:11:41]} 31... Nf3 {[%clk 0:40:19]} 32. Qa1 {[%clk 0:11:21]} 32... Kg8 {
[%clk 0:37:16]} 33. a5 {[%clk 0:11:04]} 1/2-1/2